Java 2 programming for dummies (Record no. 5981)

000 -LEADER
fixed length control field 00472 a2200169 4500
020 ## - INTERNATIONAL STANDARD BOOK NUMBER
International Standard Book Number 8126500417
082 ## - DEWEY DECIMAL CLASSIFICATION NUMBER
Classification number 005.133
090 ## - LOCALLY ASSIGNED LC-TYPE CALL NUMBER (OCLC); LOCAL CALL NUMBER (RLIN)
-- 2043
-- 2043
100 ## - MAIN ENTRY--PERSONAL NAME
Personal name Koosis, Donald
245 ## - TITLE STATEMENT
Title Java 2 programming for dummies
Statement of responsibility, etc. Donald, Koosis.
250 ## - EDITION STATEMENT
Edition statement 3rd ed.
260 ## - PUBLICATION, DISTRIBUTION, ETC.
Place of publication, distribution, etc. New Delhi, India :
Name of publisher, distributor, etc. IDG Books Ltd.,
Date of publication, distribution, etc. c2000.
300 ## - PHYSICAL DESCRIPTION
Extent xii, 346 p. :
Other physical details ill. ;
Dimensions 24 cm.
500 ## - GENERAL NOTE
General note Includes Index
650 ## - SUBJECT ADDED ENTRY--TOPICAL TERM
Topical term or geographic name entry element Java (computer program language)
942 ## - ADDED ENTRY ELEMENTS (KOHA)
Koha item type Book
Call number prefix 005.133 KOO
Holdings
Withdrawn status Lost status Damaged status Not for loan Collection code Permanent Location Current Location Shelving location Source of acquisition Cost, normal purchase price Total Checkouts Full call number Barcode Date last seen Price effective from Koha item type
          Central Library (CL) Central Library (CL) First Floor - Software Engineering/ Programming Language Good Book Shop, Rawalpindi 80.00   005.133 KOO SEECS000172 11/14/2012 01/05/2017 Book
          Central Library (CL) Central Library (CL) First Floor - Software Engineering/ Programming Language Good Book Shop, Rawalpindi 80.00   005.133 KOO SEECS000171 11/14/2012 01/05/2017 Book
          Central Library (CL) Central Library (CL) First Floor - Software Engineering/ Programming Language Good Book Shop, Rawalpindi 80.00   005.133 KOO SEECS000173 11/14/2012 01/05/2017 Book
          Central Library (CL) Central Library (CL) First Floor - Software Engineering/ Programming Language Good Book Shop, Rawalpindi 80.00   005.133 KOO SEECS000170 11/14/2012 01/05/2017 Book
          Central Library (CL) Central Library (CL) First Floor - Software Engineering/ Programming Language Good Book Shop, Rawalpindi 80.00   005.133 KOO SEECS000174 11/14/2012 01/05/2017 Book
© 2023 Central Library, National University of Sciences and Technology. All Rights Reserved.